| 000 | 00590nam a22002057a 4500 | ||
|---|---|---|---|
| 003 | OSt | ||
| 005 | 20150115145001.0 | ||
| 008 | 141217b xxu||||| |||| 00| 0 eng d | ||
| 020 | _a84-7039-456-8 | ||
| 040 | _cBMC | ||
| 082 | _a863.8346 | ||
| 100 | 1 |
_aVega, Lope de _d1562-1635 _919 |
|
| 245 | 1 | 0 |
_aCartas _cLope de Vega ; edición, introducción y notas de Nicolás Marín |
| 260 |
_aMadrid _bCastalia _ccop. 1985 |
||
| 300 |
_a306 p. _c18 cm |
||
| 490 | _aClásicos Castalia | ||
| 600 | 1 |
_928399 _aVega, Lope de _d1562-1635 _xObra |
|
| 700 | 1 |
_aMarín, Nicolás _929761 |
|
| 942 |
_2ddc _cBK |
||
| 999 |
_c16934 _d16934 |
||